000 00371cam a22001217a 4500
008 180718b1985 xxu||||| |||| 00| 0 eng d
082 _aT2034x54 R279
245 _aHandbook of industrial licences and letters of intent, 1985
_cedited by L.P. Rele
260 _aBombay
_bInfornomics
_c1985
300 _a644p.
650 _aIndustry - Licenses - India
700 _aRele, L.P.
999 _c352384
_d352384